| 000 | 00793nam a2200229 i 4500 | ||
|---|---|---|---|
| 001 | 146353 | ||
| 003 | ES-MaACL | ||
| 005 | 20251220174322.0 | ||
| 007 | t| | ||
| 008 | 070907s1968 sp ||||1| spa d | ||
| 080 | _a261.7(04) | ||
| 100 | 1 |
_aTorres Rojas, Enrique. _9111012 |
|
| 245 | 1 | 3 |
_aLa libertad religiosa en León XIII y en el Concilio Vaticano II / _cEnrique Torres Rojas. |
| 260 |
_aVitoria : _bEditorial Eset, _c1968. |
||
| 300 |
_a204 p. ; _c25 cm. |
||
| 490 | 1 | _aVictoriensia. Publicaciones del Seminario de Vitoria, 29 | |
| 650 | 4 |
_aLibertad religiosa. _914416 |
|
| 710 | 2 |
_aSeminario Diocesano de Vitoria _9209764 |
|
| 830 | 0 |
_aVictoriensia. Publicaciones del Seminario de Vitoria _9187197 |
|
| 852 |
_aES-MaACL _jC-45551 _bR.66349 |
||
| 999 |
_c146353 _d146353 |
||